Slovenské výrobné družstevníctvo a jeho aktuálne problémy v období hospodárskej krízy

Zmeny v družstevníctve v SR od roku 1990 do roku 2010. Aktuálny pohľad na problémy a možnosti ich riešenia vo výrobných družstvách SR. Kvalita produktov výrobných družstiev v SR. Cenová politika výrobných družstiev v SR. Distribučná politika výrobných družstiev v SR. Slabé a silné stránky výrobných...

Descrizione completa

Salvato in:
Dettagli Bibliografici
Autore principale: Šúbertová, Elena
Natura: Capitolo di libro
Lingua:slovacco
Soggetti:
Tags: Aggiungi Tag
Nessun Tag, puoi essere il primo ad aggiungerne!!

MARC

LEADER 00000naa a2200000 4500
001 0127841
005 20240502072446.0
041 0 |a slo 
044 |a SK 
245 1 0 |a Slovenské výrobné družstevníctvo a jeho aktuálne problémy v období hospodárskej krízy  |c Elena Šúbertová 
520 |a Zmeny v družstevníctve v SR od roku 1990 do roku 2010. Aktuálny pohľad na problémy a možnosti ich riešenia vo výrobných družstvách SR. Kvalita produktov výrobných družstiev v SR. Cenová politika výrobných družstiev v SR. Distribučná politika výrobných družstiev v SR. Slabé a silné stránky výrobných družstiev v SR. 
610 2 0 |a podnikanie 
610 2 0 |a kríza hospodárska 
610 2 0 |a kooperácia 
610 2 0 |a družstvá výrobné 
610 2 0 |a analýza swot 
610 2 0 |a manažment 
610 2 0 |a Slovensko 
100 1 |a Šúbertová, Elena